Facing the wild : ecotourism, conservation, and animal encounters

Bibliographic Details
Main Author: Bulbeck, Chilla, , 1951-
Format: Book
Published: London Sterling Va : Earthscan , 2005.
Subjects:

MARC

LEADER 00000cam a2200000 7i4500
001 0000003268
005 20050819.0
020 0 0 |a 1844071383 (pbk.) 
090 0 0 |a 338.4791   |b BUL 
100 1 0 |a Bulbeck, Chilla, ,   |d 1951- 
245 1 0 |a Facing the wild :   |b ecotourism, conservation, and animal encounters   |c Chilla Bulbeck. 
260 0 0 |a London   |a Sterling Va :   |b Earthscan ,   |c 2005. 
300 |a xxiii, 312 p. :   |b ill. ;   |c 24 cm. 
650 0 0 |a Ecotourism. 
650 0 0 |a Nature conservation. 
999 |a 0000006214   |b Monograph   |c Open Shelf   |e Default branch